00559nam a2200169Ia 4500008004100000100003300041245005200074245003300126260005900159260000900218300001100227650001800238650001500256856002600271999001900297952007300316170221s9999 xx 000 0 und d aSileshie Semahagne Kumlachew aUnderstanding Social Media and its Potentials  cSileshie Semahagne Kumlachew bOnline Journal of Communication and Media Technologies c2013 a33 : 4 xCommunication xMedia Arts uhttp://www.ojcmt.net/ c311008d311008 001040aCLbCLd2017-02-21l0r2017-02-21 00:00:00w2017-02-21yFOJ